| 000 | 00325nam a2200109Ia 4500 | ||
|---|---|---|---|
| 008 | 190216s9999||||xx |||||||||||||| ||und|| | ||
| 100 | _a"Balasubramaniam, Bryce, Dharmalingam
 & Green, Kunthala Jayaraman" | ||
| 245 | 0 | _aConcepts In Biotechnology | |
| 260 |
_bCosted Ibn Publishers _c1996 |
||
| 300 | _a425p | ||
| 942 | _cBK | ||
| 999 |
_c1467 _d1467 |
||